Wird geladen...

Social consequences of agrarian change

Bibliographische Detailangaben
1. Verfasser: Ramachandran Nair
Format: Printed Book
Sprache:English
Veröffentlicht: Jaipur Printwell 1991
Schlagworte:
LEADER 00532nam a22001697a 4500
005 20160820112608.0
008 091021t xxu||||| |||| 00| 0 eng d
082 |a 338.431  |b RAM 
100 |a Ramachandran Nair  |9 4940 
245 |a Social consequences of agrarian change 
300 |a 189p. 
653 |a aggrarian change 
942 |c BK  |6 _ 
260 |a Jaipur  |b Printwell  |c 1991 
020 |a 8170442907 
999 |c 172631  |d 172631 
952 |0 0  |1 0  |2 ddc  |4 0  |6 338431_RAM  |7 0  |9 224083  |a DAE  |b DAE  |d 2009-10-21  |o 338.431 RAM  |p ECO05870  |r 2016-08-20  |w 2016-08-20  |y BK